000 00300nam a2200121Ia 4500
008 190216s9999||||xx |||||||||||||| ||und||
100 _aBasu S K
245 0 _aReview Of Currentbanking Theory And Practice
260 _bMacmillan India Ltd
_c1971
300 _a444p
650 _aEconomics
942 _cBK
999 _c9229
_d9229